000 00459nam a2200133 4500
999 _c8513
_d8513
008 180209b xxu||||| |||| 00| 0 eng d
082 _aDPer 050 Dec 2015-Mar 2016 T48 v186-187
100 _926288
_aJung, Courtney.
245 _aThe new business of breast-feeding/
_cCourtney Jung.
260 _aNew York :
_bTime Inc.,
_c©Dec 2015-Mar 2016.
300 _av187 n1, page 17:
_billustrations;
_c27 cm.
650 0 _926290
_aBreast feeding.
942 _2ddc
_cPER